Statistics for Fill In The Title Of The Classic Rock Album

Click here to take the quiz!

General Stats

  • This quiz has been taken 123 times
  • The average score is 10 of 15

Answer Stats

HintAnswer% Correct
Hotel _____ (The Eagles)California
98%
Band On The _____ (Paul McCartney And Wings)Run
86%
_____ Yellow Brick Road (Elton John)Goodbye
78%
Exile On _____ Street (The Rolling Stones)Main
77%
_____ Soul (The Beatles)Rubber
74%
Physical _____ (Led Zeppelin)Graffiti
73%
_____ Sounds (The Beach Boys)Pet
73%
_____ In America (Supertramp)Breakfast
68%
Machine _____ (Deep Purple)Head
67%
Electric _____ (The Jimi Hendrix Experience)Ladyland
66%
Who’s _____ (The Who)Next
66%
_____ River (Creedence Clearwater Revival)Green
46%
Surrealistic _____ (Jefferson Airplane)Pillow
46%
Permanent _____ (Aerosmith)Vacation
46%
Eat A _____ (The Allman Brothers)Peach
45%

Score Distribution

Percentile by Number Answered

Percent of People with Each Score

Your Score History

You have not taken this quiz